000 00640nam a2200277Ia 4500
005 20260324123626.0
008 008 260324s9999 xx 000 0 eng d
020 _a9781003420699
037 _aEBOOK
040 _aCRL
040 _beng
040 _cCRL
041 _2eng
041 _aeng
084 _qCRL
100 _aThomas Forrest Kelly
_91171020
245 4 _aThe Sources of Beneventan Chant
260 _bTaylor and Francis
260 _c2011
365 _a
365 _b255
856 _uhttp://www.taylorfrancis.com/books/9781003420699
942 _cEBOOK
999 _c1764710
_d1764710